Réplique Harry Potter #3 - Statistiques

Statistiques générales
  • Ce quiz a été pris 486 fois
  • Le résultat moyen est 9 sur 11
Statistiques - réponses
Hint Réplique Réponse % Correct
1 Je ne rentre pas chez moi, pas vraiment. Harry Potter
99%
2 Une fois de plus je vais t'en demander trop Harry. Albus Dumbledore
97%
7 On a peur Potter ? Drago Malefoy
97%
3 Mes cheveux ressemble à ça de derrière ? Hermione Granger
96%
5 Tu n'es pas fou, moi aussi je les vois. Luna Lovegood
96%
11 Harry Potter... notre nouvelle célébrité. Severus Rogue
93%
6 Et vous osez prétendre que vous êtes notre mère ? Fred Weasley
92%
8 Qui peut me dire quels sont les propriétés de la mandragore ? Pomona Chourave
88%
9 C'est pas vrai !Elle a bien marché ?! Arthur Weasley
65%
10 Étrange ! Vraiment très étrange. Garrick Ollivander
49%
4 Comment avez vous eu cette épée ? Gripsec
42%
Aucun quiz correspondant
Distribution des résultats
% des personnes avec chaque résultat
Percentile par nombre de réponses
Votre historique - résultats
Vous n’avez pas pris ce quiz